[Event "3MCR_4D_2LA_1S"]
[Site "?"]
[Date "1999.??.??"]
[Round "1"]
[White "Tkac, Leopold"]
[Black "Satransky, Jaroslav"]
[Result "0-1"]
[WhiteElo "2140"]
[BlackElo "2195"]
[PlyCount "46"]
[EventDate "1999.??.??"]
[EventType "corr"]

1. e4 e5 2. Nf3 Nc6 3. Bb5 a6 4. Ba4 b5 5. Bb3 Bc5 6. Nxe5 Qg5 7. Bxf7+ Kf8 8.
Bxg8 Kxg8 9. Ng4 d5 10. h3 Qg6 11. exd5 Nb4 12. d3 h5 13. Be3 Bd6 14. a3 Nxd5
15. c4 hxg4 16. cxd5 Bf5 17. Kd2 Bxd3 18. Nc3 Rh4 19. hxg4 Rxg4 20. g3 b4 21.
axb4 Rxb4 22. b3 Rab8 23. Ra3 R4b7 0-1

[Event "3MCR_4D_2LA_1S"]
[Site "?"]
[Date "1999.??.??"]
[Round "1"]
[White "Hrdy, Roman"]
[Black "Pavlicek, Jan"]
[Result "1/2-1/2"]
[WhiteElo "2415"]
[BlackElo "2305"]
[PlyCount "41"]
[EventDate "1999.??.??"]
[EventType "corr"]

1. Nf3 d5 2. c4 c6 3. b3 Nf6 4. g3 g6 5. Bg2 Bg7 6. Bb2 O-O 7. O-O Nbd7 8. d3
Re8 9. cxd5 cxd5 10. Nc3 e5 11. Rc1 a6 12. a4 b6 13. b4 Bb7 14. Nd2 Qe7 15. Qb3
Qd6 16. Rfd1 Rac8 17. e3 Rc7 18. h3 Rec8 19. d4 e4 20. Ba3 Bf8 21. Ndb1 1/2-1/2

[Event "3MCR_4D_2LA_1S"]
[Site "?"]
[Date "1999.??.??"]
[Round "1"]
[White "Hrdy, Roman"]
[Black "Tkac, Leopold"]
[Result "1/2-1/2"]
[WhiteElo "2415"]
[BlackElo "2140"]
[PlyCount "46"]
[EventDate "1999.??.??"]
[EventType "corr"]

1. e4 e5 2. Nf3 Nc6 3. Bb5 a6 4. Ba4 Nf6 5. O-O b5 6. Bb3 Bb7 7. Re1 Be7 8. d4
d6 9. c4 O-O 10. Nc3 exd4 11. Nxd4 Nxd4 12. Qxd4 c6 13. cxb5 axb5 14. Bf4 c5
15. Qd2 c4 16. Bc2 b4 17. Nb5 b3 18. axb3 Rxa1 19. Rxa1 cxb3 20. Ra7 bxc2 21.
Rxb7 Nxe4 22. Qxc2 d5 23. Be3 Bg5 1/2-1/2

[Event "3MCR_4D_2LA_1S"]
[Site "?"]
[Date "1999.??.??"]
[Round "1"]
[White "Hrdy, Roman"]
[Black "Jezek, Otakar"]
[Result "1-0"]
[WhiteElo "2415"]
[BlackElo "1800"]
[PlyCount "79"]
[EventDate "1999.??.??"]
[EventType "corr"]

1. Nf3 Nc6 2. d4 d6 3. e4 e5 4. Nc3 Nf6 5. Be2 g6 6. dxe5 dxe5 7. Qxd8+ Kxd8 8.
Bg5 Be7 9. O-O-O+ Bd7 10. Bc4 h6 11. Bxf6 Bxf6 12. Bxf7 g5 13. Be6 Rh7 14. h4
gxh4 15. Nd5 Bg5+ 16. Nxg5 hxg5 17. Nf6 Re7 18. Bxd7 Nd4 19. Bf5 Rf7 20. Ng4
Ke7 21. Nxe5 Rxf5 22. exf5 Nxf5 23. Rd7+ Ke6 24. Re1 Rc8 25. Rd3 Nd6 26. Nc4+
Kd7 27. Red1 Re8 28. Nxd6 cxd6 29. Rxd6+ Kc8 30. R1d5 g4 31. Rh6 Re1+ 32. Rd1
Re2 33. Rxh4 Rxf2 34. Rxg4 Kc7 35. Rc4+ Kb6 36. g4 Rg2 37. Rd6+ Kb5 38. b3 b6
39. a4+ Ka5 40. Rd5+ 1-0

[Event "3MCR_4D_2LA_1S"]
[Site "?"]
[Date "1999.??.??"]
[Round "1"]
[White "Slavik, Libor"]
[Black "Hrdy, Roman"]
[Result "0-1"]
[WhiteElo "2000"]
[BlackElo "2415"]
[PlyCount "40"]
[EventDate "1999.??.??"]
[EventType "corr"]

1. d4 Nf6 2. c4 g6 3. Nc3 Bg7 4. e4 d6 5. Nf3 O-O 6. Be2 e5 7. O-O exd4 8. Nxd4
Re8 9. f3 Nh5 10. f4 c5 11. Ndb5 a6 12. Qa4 Nc6 13. Bxh5 gxh5 14. Bd2 Bg4 15.
Na3 Nd4 16. Nd5 b5 17. Qa5 Qxa5 18. Bxa5 b4 19. Nc7 bxa3 20. Nxa8 Ne2+ 0-1

[Event "3MCR_4D_2LA_1S"]
[Site "?"]
[Date "1999.??.??"]
[Round "1"]
[White "Kupsovsky, Vaclav"]
[Black "Vaindl, Jaroslav"]
[Result "0-1"]
[WhiteElo "2200"]
[BlackElo "2270"]
[PlyCount "32"]
[EventDate "1999.??.??"]
[EventType "corr"]

1. f4 e5 2. fxe5 d6 3. exd6 Bxd6 4. Nf3 Nf6 5. e3 Ng4 6. Qe2 c5 7. d3 O-O 8.
Nbd2 Re8 9. Ne4 f5 10. Nxd6 Qxd6 11. g3 Nc6 12. Rg1 Nb4 13. Kd1 Nd5 14. Bg2 Bd7
15. a4 Ndxe3+ 16. Bxe3 Rxe3 0-1

[Event "3MCR_4D_2LA_1S"]
[Site "?"]
[Date "1999.??.??"]
[Round "1"]
[White "Kupsovsky, Vaclav"]
[Black "Marek, Jan"]
[Result "1/2-1/2"]
[WhiteElo "2200"]
[BlackElo "2085"]
[PlyCount "37"]
[EventDate "1999.??.??"]
[EventType "corr"]

1. f4 d5 2. Nf3 Nf6 3. b3 g6 4. Bb2 Bg7 5. e3 c5 6. Be2 Nc6 7. O-O O-O 8. c4 e6
9. Ne5 Ne7 10. Qc1 b6 11. Bf3 Bb7 12. Nc3 Nc6 13. Nxc6 Bxc6 14. Nd1 Qd7 15. d3
Rad8 16. Nf2 dxc4 17. Bxc6 Qxc6 18. dxc4 Ne4 19. Bxg7 1/2-1/2

[Event "3MCR_4D_2LA_1S"]
[Site "?"]
[Date "1999.??.??"]
[Round "1"]
[White "Hrdy, Roman"]
[Black "Kupsovsky, Vaclav"]
[Result "1-0"]
[WhiteElo "2415"]
[BlackElo "2200"]
[PlyCount "45"]
[EventDate "1999.??.??"]
[EventType "corr"]

1. Nf3 d5 2. c4 dxc4 3. Qa4+ Nd7 4. g3 Ngf6 5. Bg2 c6 6. Qxc4 Nb6 7. Qc2 Bg4 8.
d3 e6 9. Nc3 Bd6 10. O-O h6 11. d4 Rc8 12. Rd1 Qe7 13. Ne5 Bh5 14. h3 O-O 15.
g4 c5 16. e3 Bg6 17. Nxg6 fxg6 18. Qxg6 c4 19. e4 e5 20. Bxh6 Nh7 21. Bxg7 Qxg7
22. Qxd6 Qf7 23. Rd2 1-0

[Event "3MCR_4D_2LA_1S"]
[Site "?"]
[Date "1999.??.??"]
[Round "1"]
[White "Tkac, Leopold"]
[Black "Kupsovsky, Vaclav"]
[Result "1/2-1/2"]
[WhiteElo "2140"]
[BlackElo "2200"]
[PlyCount "67"]
[EventDate "1999.??.??"]
[EventType "corr"]

1. e4 e6 2. d4 d5 3. Nd2 Nf6 4. e5 Nfd7 5. c3 c5 6. Bd3 Nc6 7. Ne2 cxd4 8. cxd4
f6 9. exf6 Nxf6 10. O-O Bd6 11. Nf3 Qc7 12. Bg5 O-O 13. Rc1 Ng4 14. Ng3 Bf4 15.
Bxf4 Qxf4 16. Bc2 Bd7 17. Qd3 Nf6 18. Nh5 Qh6 19. Nxf6+ Rxf6 20. Ba4 Raf8 21.
Bxc6 Bxc6 22. Rc3 a6 23. Qe3 Qh5 24. Re1 h6 25. Qe5 Qxe5 26. Rxe5 Kf7 27. Re1
Ke7 28. Ne5 Kd6 29. f3 Rc8 30. Kf2 Rc7 31. Ke3 Rf8 32. h4 Re8 33. Rec1 Rb8 34.
h5 1/2-1/2

[Event "3MCR_4D_2LA_1S"]
[Site "?"]
[Date "1999.??.??"]
[Round "1"]
[White "Holas, Jaroslav"]
[Black "Vaindl, Jaroslav"]
[Result "0-1"]
[WhiteElo "2225"]
[BlackElo "2270"]
[PlyCount "44"]
[EventDate "1999.??.??"]
[EventType "corr"]

1. d4 Nf6 2. Bg5 c5 3. Bxf6 gxf6 4. d5 Qb6 5. Qc1 f5 6. c3 e6 7. dxe6 fxe6 8.
e3 Nc6 9. Be2 Rg8 10. g3 Bg7 11. Na3 d5 12. Qd2 Bd7 13. Bh5+ Ke7 14. Ne2 Ne5
15. O-O-O Ba4 16. b3 c4 17. Nd4 Nd3+ 18. Kc2 Bxd4 19. Rb1 Bc5 20. Nxc4 dxc4 21.
e4 Qa6 22. Qh6 Bxb3+ 0-1

[Event "3MCR_4D_2LA_1S"]
[Site "?"]
[Date "1999.??.??"]
[Round "1"]
[White "Jezek, Otakar"]
[Black "Pavlicek, Jan"]
[Result "0-1"]
[WhiteElo "1800"]
[BlackElo "2305"]
[PlyCount "50"]
[EventDate "1999.??.??"]
[EventType "corr"]

1. e4 e5 2. d3 c6 3. Nf3 d6 4. Be3 Nf6 5. Nc3 Bg4 6. Be2 Be7 7. d4 Nbd7 8. O-O
O-O 9. h3 Bh5 10. d5 cxd5 11. exd5 Qa5 12. Bc4 e4 13. g4 exf3 14. gxh5 Ne5 15.
Bb3 Nxh5 16. Bd4 f6 17. Bxe5 fxe5 18. Re1 Rf7 19. Ne4 Raf8 20. c4 Qc7 21. Rc1
Qd7 22. Ba4 Qxh3 23. Qxf3 Rxf3 24. Bd7 Qxd7 25. Rc3 Qg4+ 0-1

[Event "3MCR_4D_2LA_1S"]
[Site "?"]
[Date "1999.??.??"]
[Round "1"]
[White "Lasek, Milos"]
[Black "Pavlicek, Jan"]
[Result "1-0"]
[WhiteElo "1800"]
[BlackElo "2305"]
[PlyCount "45"]
[EventDate "1999.??.??"]
[EventType "corr"]

1. d4 d5 2. c4 c6 3. Nf3 Nf6 4. Nc3 e6 5. e3 Nbd7 6. Bd3 dxc4 7. Bxc4 b5 8. Bd3
Bb7 9. O-O a6 10. e4 c5 11. d5 c4 12. Bc2 Qc7 13. dxe6 fxe6 14. Nd4 Nc5 15. Be3
e5 16. Nf5 Nd3 17. Qf3 Rd8 18. Bg5 Qb6 19. Rad1 Nxb2 20. Rxd8+ Qxd8 21. Rb1 Nd3
22. Rd1 h6 23. Bxf6 1-0

[Event "3MCR_4D_2LA_1S"]
[Site "?"]
[Date "1999.??.??"]
[Round "1"]
[White "Pavlicek, Jan"]
[Black "Holas, Jaroslav"]
[Result "1-0"]
[WhiteElo "2305"]
[BlackElo "2225"]
[PlyCount "67"]
[EventDate "1999.??.??"]
[EventType "corr"]

1. e4 d5 2. exd5 Nf6 3. Bb5+ Bd7 4. Be2 Nxd5 5. d4 e6 6. Nf3 Be7 7. O-O O-O 8.
c4 Nb6 9. Nc3 c5 10. Be3 cxd4 11. Nxd4 Bc6 12. Qc2 a6 13. Nxc6 Nxc6 14. Rad1
Qc7 15. Nd5 exd5 16. cxd5 Nxd5 17. Rxd5 Rac8 18. Rc1 Rfd8 19. Rxd8+ Qxd8 20.
Bg4 Ra8 21. Bf3 Rc8 22. Bg4 Ra8 23. Qb3 Qc7 24. g3 Bf6 25. Bf3 Rc8 26. Bg2 Qd7
27. Rd1 Qe7 28. a3 Rd8 29. Bd5 Rd7 30. Rd2 Nd4 31. Rxd4 Bxd4 32. Bxd4 Qd6 33.
Qe3 Rd8 34. Qg5 1-0

[Event "3MCR_4D_2LA_1S"]
[Site "?"]
[Date "1999.??.??"]
[Round "1"]
[White "Humlicek, Vojtech"]
[Black "Tkac, Leopold"]
[Result "1/2-1/2"]
[WhiteElo "2295"]
[BlackElo "2140"]
[PlyCount "44"]
[EventDate "1999.??.??"]
[EventType "corr"]

1. e4 e5 2. Nf3 Nc6 3. Bb5 a6 4. Ba4 Nf6 5. O-O Be7 6. Re1 b5 7. Bb3 d6 8. c3
O-O 9. h3 Na5 10. Bc2 c5 11. d4 Qc7 12. Nbd2 exd4 13. cxd4 Bb7 14. Nf1 Rac8 15.
Ng3 cxd4 16. Nxd4 d5 17. e5 Ne4 18. Nxe4 dxe4 19. Bxe4 Rfd8 20. Bxb7 Qxb7 21.
Be3 Nc4 22. e6 Bb4 1/2-1/2

[Event "3MCR_4D_2LA_1S"]
[Site "?"]
[Date "1999.??.??"]
[Round "1"]
[White "Strnad, Martin"]
[Black "Pavlicek, Jan"]
[Result "1/2-1/2"]
[WhiteElo "1975"]
[BlackElo "2305"]
[PlyCount "49"]
[EventDate "1999.??.??"]
[EventType "corr"]

1. d4 d5 2. c4 c6 3. Nf3 Nf6 4. e3 e6 5. Nc3 Nbd7 6. Bd3 dxc4 7. Bxc4 b5 8. Bb3
a6 9. e4 b4 10. Ne2 Nxe4 11. Qc2 Nd6 12. Bd2 Qb6 13. Rc1 Bb7 14. Ba4 Nb5 15.
Be3 Qa5 16. O-O Bd6 17. Bf4 Qc7 18. Bxd6 Qxd6 19. Nd2 Rd8 20. Nc4 Qc7 21. Qb3
c5 22. Ne3 Qb6 23. Nc4 Qc6 24. Ne3 Qb6 25. Nc4 1/2-1/2

[Event "3MCR_4D_2LA_1S"]
[Site "?"]
[Date "1999.??.??"]
[Round "1"]
[White "Lasek, Milos"]
[Black "Strnad, Martin"]
[Result "1-0"]
[WhiteElo "1800"]
[BlackElo "1975"]
[PlyCount "37"]
[EventDate "1999.??.??"]
[EventType "corr"]

1. e4 e5 2. Nf3 Nc6 3. Bb5 f5 4. Nc3 fxe4 5. Nxe4 d5 6. Nxe5 dxe4 7. Nxc6 Qd5
8. c4 Qc5 9. d4 exd3 10. Be3 Qd6 11. c5 Qf6 12. Qh5+ g6 13. Qd5 Bd7 14. Qe4+
Ne7 15. Nxe7 Bxe7 16. Bxd7+ Kxd7 17. Qd5+ Kc8 18. Bd4 Rd8 19. Qxd8+ 1-0

[Event "3MCR_4D_2LA_1S"]
[Site "?"]
[Date "1999.??.??"]
[Round "1"]
[White "Strnad, Martin"]
[Black "Slavik, Libor"]
[Result "1/2-1/2"]
[WhiteElo "1975"]
[BlackElo "2000"]
[PlyCount "32"]
[EventDate "1999.??.??"]
[EventType "corr"]

1. e4 e5 2. Nf3 Nc6 3. Nc3 Nf6 4. Bb5 Nd4 5. Nxd4 exd4 6. e5 dxc3 7. exf6 Qxf6
8. dxc3 Qe5+ 9. Qe2 Qxe2+ 10. Bxe2 Bc5 11. Bf4 d6 12. Bf3 O-O 13. O-O a5 14.
Rfe1 Be6 15. a3 Ra7 16. h3 h6 1/2-1/2

[Event "3MCR_4D_2LA_1S"]
[Site "?"]
[Date "1999.??.??"]
[Round "1"]
[White "Tkac, Leopold"]
[Black "Holas, Jaroslav"]
[Result "0-1"]
[WhiteElo "2140"]
[BlackElo "2225"]
[PlyCount "32"]
[EventDate "1999.??.??"]
[EventType "corr"]

1. e4 d5 2. exd5 Nf6 3. c4 c6 4. dxc6 Nxc6 5. Nf3 e5 6. Nc3 e4 7. Ng5 Bf5 8. f3
exf3 9. Nxf3 Bc5 10. Na4 Bd4 11. Be2 O-O 12. d3 Re8 13. Bg5 Nb4 14. Nc3 Bxd3
15. Kf1 Bxc3 16. Bxd3 Bxb2 0-1

[Event "3MCR_4D_2LA_1S"]
[Site "?"]
[Date "1999.??.??"]
[Round "1"]
[White "Lasek, Milos"]
[Black "Satransky, Jaroslav"]
[Result "1/2-1/2"]
[WhiteElo "1800"]
[BlackElo "2195"]
[PlyCount "39"]
[EventDate "1999.??.??"]
[EventType "corr"]

1. e4 e5 2. Nf3 Nc6 3. Bb5 a6 4. Ba4 b5 5. Bb3 Bc5 6. O-O d6 7. c3 Bg4 8. Bd5
Qd7 9. Bxc6 Qxc6 10. Nxe5 dxe5 11. Qxg4 Nf6 12. Qg3 O-O-O 13. Qxe5 Rd3 14. b4
Bb6 15. a4 Re8 16. axb5 axb5 17. Qf5+ Kb8 18. Na3 Qxe4 19. Qxe4 Nxe4 20. Nxb5
1/2-1/2

[Event "3MCR_4D_2LA_1S"]
[Site "?"]
[Date "1999.??.??"]
[Round "1"]
[White "Holas, Jaroslav"]
[Black "Smolka, Josef"]
[Result "0-1"]
[WhiteElo "2225"]
[BlackElo "2275"]
[PlyCount "52"]
[EventDate "1999.??.??"]
[EventType "corr"]

1. d4 Nf6 2. Bg5 Ne4 3. Bf4 c5 4. f3 Qa5+ 5. c3 Nf6 6. d5 Qb6 7. b3 e6 8. dxe6
Qxe6 9. e4 d5 10. Na3 dxe4 11. Bc4 Qf5 12. Bxb8 Rxb8 13. Nb5 Qe5 14. Nxa7 exf3+
15. Kf1 fxg2+ 16. Kxg2 Qg5+ 17. Kf1 Bg4 18. Qc2 Be7 19. Re1 Rd8 20. h4 Qf4+ 21.
Qf2 Qxf2+ 22. Kxf2 Rd2+ 23. Kg3 Bd7 24. h5 Kd8 25. Nf3 Bd6+ 26. Kh4 Rg2 0-1

[Event "3MCR_4D_2LA_1S"]
[Site "?"]
[Date "1999.??.??"]
[Round "1"]
[White "Pavlicek, Jan"]
[Black "Smolka, Josef"]
[Result "0-1"]
[WhiteElo "2305"]
[BlackElo "2275"]
[PlyCount "82"]
[EventDate "1999.??.??"]
[EventType "corr"]

1. e4 c5 2. c3 Nf6 3. e5 Nd5 4. g3 d6 5. exd6 e6 6. Bg2 Bxd6 7. Nf3 O-O 8. O-O
Nc6 9. Na3 b6 10. Nc4 Bc7 11. d3 Bb7 12. a4 Rb8 13. Qe2 Re8 14. Nfe5 Nxe5 15.
Nxe5 f6 16. Nc4 e5 17. Be4 g6 18. Ne3 f5 19. Nxd5 Bxd5 20. Bg5 Qd7 21. Bxd5+
Qxd5 22. Rfe1 Bd8 23. c4 Qd7 24. Bd2 Bf6 25. Bc3 Rbd8 26. Red1 Re6 27. a5 Rd6
28. Bxe5 Re6 29. f4 Bxe5 30. fxe5 Rde8 31. axb6 axb6 32. Re1 Rxe5 33. Qd2 Qd4+
34. Kg2 Re3 35. Rxe3 Rxe3 36. Ra8+ Kf7 37. Ra3 Ke6 38. Rb3 f4 39. gxf4 Qxf4 40.
Rxb6+ Ke7 41. Qd1 Re5 0-1

[Event "3MCR_4D_2LA_1S"]
[Site "?"]
[Date "1999.??.??"]
[Round "1"]
[White "Holas, Jaroslav"]
[Black "Slavik, Libor"]
[Result "1/2-1/2"]
[WhiteElo "2225"]
[BlackElo "2000"]
[PlyCount "34"]
[EventDate "1999.??.??"]
[EventType "corr"]

1. d4 Nf6 2. Bg5 Ne4 3. Bf4 c5 4. Nf3 Qa5+ 5. c3 Nf6 6. d5 d6 7. e4 g6 8. Na3
Bg7 9. Qc2 O-O 10. g4 Bd7 11. Nc4 Qc7 12. h4 b5 13. Ne3 a5 14. O-O-O h5 15. Be2
b4 16. c4 a4 17. Qd3 Na6 1/2-1/2

[Event "3MCR_4D_2LA_1S"]
[Site "?"]
[Date "1999.??.??"]
[Round "1"]
[White "Lasek, Milos"]
[Black "Tkac, Leopold"]
[Result "1-0"]
[WhiteElo "1800"]
[BlackElo "2140"]
[PlyCount "71"]
[EventDate "1999.??.??"]
[EventType "corr"]

1. e4 e5 2. Nf3 Nc6 3. Bb5 a6 4. Ba4 Nf6 5. O-O Be7 6. Re1 b5 7. Bb3 d6 8. c3
O-O 9. h3 Na5 10. Bc2 c5 11. d4 Qc7 12. Nbd2 cxd4 13. cxd4 Bb7 14. d5 Rac8 15.
Bd3 Nd7 16. Nf1 f5 17. exf5 Bxd5 18. Ng5 Bxg5 19. Bxg5 Ba8 20. Ng3 Qb7 21. Bf1
d5 22. a4 b4 23. f6 g6 24. Qg4 Rf7 25. Bh4 Nb3 26. Rad1 Kf8 27. Bg5 Nbc5 28. a5
e4 29. f3 Nxf6 30. Bxf6 Rxf6 31. fxe4 dxe4 32. Bc4 e3 33. Bd5 Qc7 34. Bxa8 Rxa8
35. Qd4 Qc6 36. Rc1 1-0

[Event "3MCR_4D_2LA_1S"]
[Site "?"]
[Date "1999.??.??"]
[Round "1"]
[White "Slavik, Libor"]
[Black "Jezek, Otakar"]
[Result "1-0"]
[WhiteElo "2000"]
[BlackElo "1800"]
[PlyCount "39"]
[EventDate "1999.??.??"]
[EventType "corr"]

1. e4 Nc6 2. d4 e6 3. f4 d5 4. e5 Nge7 5. Nf3 Ng6 6. Bd3 Be7 7. O-O Nh4 8. Be3
O-O 9. Nxh4 Bxh4 10. g4 f6 11. exf6 gxf6 12. g5 e5 13. Qh5 e4 14. g6 hxg6 15.
Qxg6+ Kh8 16. Qh6+ Kg8 17. Be2 f5 18. Qg6+ Kh8 19. Kh1 Bf6 20. Rg1 1-0

[Event "3MCR_4D_2LA_1S"]
[Site "?"]
[Date "1999.??.??"]
[Round "1"]
[White "Slavik, Libor"]
[Black "Lasek, Milos"]
[Result "1-0"]
[WhiteElo "2000"]
[BlackElo "1800"]
[PlyCount "44"]
[EventDate "1999.??.??"]
[EventType "corr"]

1. e4 e5 2. Nf3 Nc6 3. d4 exd4 4. c3 dxc3 5. Bc4 cxb2 6. Bxb2 Bb4+ 7. Nc3 Nf6
8. Qc2 d6 9. O-O-O O-O 10. e5 Ng4 11. h4 Ncxe5 12. Ng5 g6 13. Nce4 Bf5 14. Qb3
h6 15. f4 Nxc4 16. Qxc4 a5 17. Qd4 f6 18. a3 hxg5 19. axb4 Qe8 20. Rde1 Qc6+
21. Kd1 Bxe4 22. Rxe4 Qxe4 1-0

[Event "3MCR_4D_2LA_1S"]
[Site "?"]
[Date "1999.??.??"]
[Round "1"]
[White "Tkac, Leopold"]
[Black "Slavik, Libor"]
[Result "1-0"]
[WhiteElo "2140"]
[BlackElo "2000"]
[PlyCount "71"]
[EventDate "1999.??.??"]
[EventType "corr"]

1. e4 c6 2. d4 d5 3. Nc3 dxe4 4. Nxe4 Bf5 5. Ng3 Bg6 6. Nf3 Nd7 7. Bd3 e6 8.
O-O Qc7 9. Bg5 Ngf6 10. c4 O-O-O 11. Bxg6 hxg6 12. Qa4 Kb8 13. b4 Bd6 14. c5
Bf4 15. Bxf4 Qxf4 16. b5 Nxc5 17. Qb4 Nce4 18. bxc6 Qc7 19. cxb7 Rd6 20. Nxe4
Nxe4 21. Rfc1 Qxb7 22. Qxb7+ Kxb7 23. Ne5 Rf8 24. Rab1+ Ka6 25. Nc6 Rxc6 26.
Rxc6+ Ka5 27. f3 Nf6 28. Rb7 a6 29. a4 Nd5 30. Rc5+ Kxa4 31. Rc1 Nb4 32. Ra1+
Kb3 33. Rb1+ Kc3 34. R1xb4 a5 35. Ra4 Ra8 36. Kf2 1-0

[Event "3MCR_4D_2LA_1S"]
[Site "?"]
[Date "1999.??.??"]
[Round "1"]
[White "Hrdy, Roman"]
[Black "Lasek, Milos"]
[Result "1/2-1/2"]
[WhiteElo "2415"]
[BlackElo "1800"]
[PlyCount "55"]
[EventDate "1999.??.??"]
[EventType "corr"]

1. Nf3 Nf6 2. c4 c5 3. Nc3 d5 4. cxd5 Nxd5 5. g3 g6 6. Bg2 Bg7 7. Qb3 Nb4 8. a3
Be6 9. Qa4+ Bd7 10. Qd1 N4c6 11. d3 O-O 12. O-O Na6 13. Bf4 e5 14. Bg5 f6 15.
Be3 Nd4 16. Nd2 Bc6 17. Bxc6 Nxc6 18. f4 f5 19. Qb3+ Rf7 20. fxe5 Nxe5 21. Bf4
Qd7 22. Nb5 Re8 23. Rae1 Nc7 24. Nxc7 Qxc7 25. Nc4 Qc6 26. Nxe5 Bxe5 27. Bxe5
Rxe5 28. e4 1/2-1/2

[Event "3MCR_4D_2LA_1S"]
[Site "?"]
[Date "1999.??.??"]
[Round "1"]
[White "Kupsovsky, Vaclav"]
[Black "Humlicek, Vojtech"]
[Result "1/2-1/2"]
[WhiteElo "2200"]
[BlackElo "2295"]
[PlyCount "44"]
[EventDate "1999.??.??"]
[EventType "corr"]

1. f4 Nf6 2. Nf3 g6 3. e3 Bg7 4. Be2 O-O 5. O-O c5 6. b3 Ne4 7. c3 Nc6 8. d4 d5
9. Bb2 Bf5 10. Nbd2 Nxd2 11. Qxd2 Qa5 12. Rfd1 Rad8 13. c4 Qxd2 14. Rxd2 cxd4
15. Nxd4 dxc4 16. Bxc4 Nxd4 17. Bxd4 Bxd4 18. Rxd4 Rxd4 19. exd4 Rd8 20. Rd1
Kg7 21. Kf2 Kf6 22. Ke3 b6 1/2-1/2

[Event "3MCR_4D_2LA_1S"]
[Site "?"]
[Date "1999.??.??"]
[Round "1"]
[White "Slavik, Libor"]
[Black "Rybak, Milan"]
[Result "0-1"]
[WhiteElo "2000"]
[BlackElo "2200"]
[PlyCount "62"]
[EventDate "1999.??.??"]
[EventType "corr"]

1. e4 e5 2. Nf3 Nc6 3. d4 exd4 4. c3 d5 5. exd5 Qxd5 6. cxd4 Bg4 7. Nc3 Bxf3 8.
Nxd5 Bxd1 9. Nxc7+ Kd7 10. Nxa8 Bh5 11. d5 Nd4 12. Bd3 Bg6 13. Bxg6 hxg6 14.
Be3 Nc2+ 15. Kd2 Nxe3 16. fxe3 Nf6 17. Raf1 Bd6 18. g4 Ke7 19. g5 Nxd5 20. h4
Rxa8 21. h5 gxh5 22. Rxh5 Rd8 23. Ke2 Ke6 24. Rh7 Be5 25. Kf3 Rc8 26. e4 Nb4
27. Kg4 Rc2 28. a3 Nd3 29. b4 Rg2+ 30. Kf3 Rg3+ 31. Ke2 Nf4+ 0-1

[Event "3MCR_4D_2LA_1S"]
[Site "?"]
[Date "1999.??.??"]
[Round "1"]
[White "Hrdy, Roman"]
[Black "Strnad, Martin"]
[Result "1-0"]
[WhiteElo "2415"]
[BlackElo "1975"]
[PlyCount "61"]
[EventDate "1999.??.??"]
[EventType "corr"]

1. e4 e5 2. Nf3 Nf6 3. Nxe5 d6 4. Nf3 Nxe4 5. d4 d5 6. Bd3 Bd6 7. O-O O-O 8. c4
c6 9. Nc3 Nxc3 10. bxc3 Re8 11. Bg5 f6 12. Bd2 dxc4 13. Bxc4+ Kh8 14. Qb3 b5
15. Bd3 Bg4 16. a4 Bxf3 17. gxf3 Qd7 18. Kg2 bxa4 19. Qxa4 Bc7 20. Rfe1 Rd8 21.
Qc2 g6 22. Bc4 Qd6 23. f4 Qd7 24. f5 gxf5 25. Kh1 Qd6 26. f4 Qd7 27. Re6 Rg8
28. Rae1 Bd8 29. Qxf5 Na6 30. Bxa6 Rb8 31. Bc4 1-0

[Event "3MCR_4D_2LA_1S"]
[Site "?"]
[Date "1999.??.??"]
[Round "1"]
[White "Holas, Jaroslav"]
[Black "Hrdy, Roman"]
[Result "0-1"]
[WhiteElo "2225"]
[BlackElo "2415"]
[PlyCount "72"]
[EventDate "1999.??.??"]
[EventType "corr"]

1. d4 Nf6 2. Bg5 d5 3. e3 h6 4. Bh4 g5 5. Bg3 Bg7 6. Bd3 c5 7. c3 Nc6 8. Nd2 c4
9. Bc2 Qb6 10. b3 Be6 11. Ne2 Qa6 12. e4 Nxe4 13. Bxe4 dxe4 14. Nxe4 b6 15. f3
O-O-O 16. O-O f5 17. Nd2 f4 18. Bf2 cxb3 19. axb3 Qd3 20. b4 Kb7 21. Re1 Bf7
22. Ne4 Qb5 23. Qc2 Bc4 24. Nc1 e5 25. dxe5 Bxe5 26. Nd2 Rhe8 27. Nxc4 Qxc4 28.
Ra3 Bd4 29. Rxe8 Rxe8 30. Qd1 Bxf2+ 31. Kxf2 Rd8 32. Qe2 Qxe2+ 33. Kxe2 Re8+
34. Kf2 Re3 35. Rb3 Ne5 36. Ne2 Nd3+ 0-1

[Event "3MCR_4D_2LA_1S"]
[Site "?"]
[Date "1999.??.??"]
[Round "1"]
[White "Marek, Jan"]
[Black "Hrdy, Roman"]
[Result "0-1"]
[WhiteElo "2085"]
[BlackElo "2415"]
[PlyCount "60"]
[EventDate "1999.??.??"]
[EventType "corr"]

1. e4 d6 2. d4 Nf6 3. Nc3 g6 4. Bc4 Bg7 5. Qe2 c6 6. e5 Nd5 7. Bd2 O-O 8. Bb3
a5 9. a4 Be6 10. Nxd5 Bxd5 11. Bxd5 cxd5 12. Nf3 dxe5 13. Nxe5 f6 14. Ng4 Nc6
15. Qe6+ Kh8 16. c3 Ra6 17. Qe2 e5 18. dxe5 f5 19. Ne3 f4 20. Nc2 Nxe5 21. Nd4
Nc4 22. O-O-O Bxd4 23. cxd4 Rb6 24. Bc3 Qd7 25. Qc2 Rc8 26. b3 Nd6 27. f3 Rxc3
28. Qxc3 Rc6 29. Qxc6 Qxc6+ 30. Kb2 Nf5 0-1

[Event "3MCR_4D_2LA_1S"]
[Site "?"]
[Date "1999.??.??"]
[Round "1"]
[White "Holas, Jaroslav"]
[Black "Marek, Jan"]
[Result "1-0"]
[WhiteElo "2225"]
[BlackElo "2085"]
[PlyCount "81"]
[EventDate "1999.??.??"]
[EventType "corr"]

1. d4 Nf6 2. Bg5 Ne4 3. Bf4 c5 4. f3 Qa5+ 5. c3 Nf6 6. d5 d6 7. e4 g6 8. Na3
Bg7 9. Qc2 O-O 10. g4 Bd7 11. Nc4 Qd8 12. O-O-O b5 13. Ne3 a5 14. h4 a4 15. Qd2
Na6 16. h5 b4 17. c4 Qb6 18. Ne2 Rfb8 19. Ng3 b3 20. a3 Nb4 21. Bd3 Na2+ 22.
Kb1 Qa5 23. Qh2 Nc3+ 24. bxc3 Qxc3 25. Ne2 Nxg4 26. Nxc3 Nxh2 27. Rxh2 Bxc3 28.
Rdh1 b2 29. hxg6 hxg6 30. e5 dxe5 31. Bg3 Rb3 32. Rh8+ Kg7 33. R1h7+ Kf6 34.
Rxa8 Rxa3 35. Bh4+ g5 36. Ra6+ e6 37. Ng4+ Ke7 38. Bxg5+ Kf8 39. Ra8+ Be8 40.
Rh8+ Kg7 41. Bf6# 1-0

[Event "3MCR_4D_2LA_1S"]
[Site "?"]
[Date "1999.??.??"]
[Round "1"]
[White "Smolka, Josef"]
[Black "Vaindl, Jaroslav"]
[Result "1/2-1/2"]
[WhiteElo "2275"]
[BlackElo "2270"]
[PlyCount "65"]
[EventDate "1999.??.??"]
[EventType "corr"]

1. e4 c5 2. Nf3 Nc6 3. d4 cxd4 4. Nxd4 Nf6 5. Nc3 e5 6. Ndb5 d6 7. Bg5 a6 8.
Na3 b5 9. Nd5 Be7 10. Bxf6 Bxf6 11. c3 O-O 12. Nc2 Bg5 13. a4 bxa4 14. Rxa4 Bb7
15. Bc4 Na5 16. Ba2 Bc6 17. Ra3 Bb5 18. h4 Bh6 19. Nce3 Bxe3 20. Nxe3 Rc8 21.
Nf5 Nc4 22. Bxc4 Rxc4 23. Nxd6 Rd4 24. cxd4 Qxd6 25. f3 exd4 26. Kf2 d3 27. Qd2
Qd4+ 28. Kg3 Qe5+ 29. f4 Qxe4 30. Re1 Qg6+ 31. Kh2 Rd8 32. Rc3 h6 33. Rc7
1/2-1/2

[Event "3MCR_4D_2LA_1S"]
[Site "?"]
[Date "1999.??.??"]
[Round "1"]
[White "Jezek, Otakar"]
[Black "Strnad, Martin"]
[Result "0-1"]
[WhiteElo "1800"]
[BlackElo "1975"]
[PlyCount "62"]
[EventDate "1999.??.??"]
[EventType "corr"]

1. Nc3 Nf6 2. e4 e5 3. d3 Bc5 4. Nf3 Ng4 5. d4 exd4 6. Nxd4 Qh4 7. g3 Qf6 8.
Qxg4 Bxd4 9. Nd1 O-O 10. c3 Bb6 11. f4 d5 12. Qf3 dxe4 13. Qxe4 Bd7 14. Ne3
Bxe3 15. Qxe3 Re8 16. Bg2 Rxe3+ 17. Bxe3 Qe6 18. Kf2 Bc6 19. Rhd1 Nd7 20. Bxc6
Qxc6 21. Rd3 Nc5 22. Bxc5 Qxc5+ 23. Re3 Rd8 24. Rae1 Rd2+ 25. Kg1 Rxb2 26. a3
h6 27. a4 Qc4 28. Re5 Qa2 29. Rh5 Rg2+ 30. Kh1 Qf2 31. Rd1 Qf3 0-1